000 00268nam a22001217a 4500
008 170830b xxu||||| |||| 00| 0 eng d
041 _aeng
080 _a070
100 _a40
101 _aMED
245 _aCOMMUNUNICATING IN PUBLIC
_cBOSTRON.R.N
942 _2udc
_cBK
999 _c25623
_d25623